LEADER 01233nam0-2200397li-450 001 990000144410203316 005 20180312154715.0 010 $a1-55558-015-7 035 $a0014441 035 $aUSA010014441 035 $a(ALEPH)000014441USA01 035 $a0014441 100 $a20001109d1989----km-y0itay0103----ba 101 0 $aeng 102 $aUS 200 1 $aComputer programming and architecture$ethe VAX$fHenry M. Levy, Richard H. Eckhouse, Jr. 205 $a2nd ed 210 $aBedford (Mass.)$cDigital Press$dcopyr. 1989 215 $aXIX, 444 p.$cill.$d24 cm 610 1 $aarchitettura degli elaboratori 610 1 $asistemi operativi$aprogrammazione 610 1 $avax (elaboratore elettronico) 676 $a005245$9. 700 1$aLevy,$bHenry M.$0746461 702 1$aEckhouse,$bRichard H.,$bjr. 801 $aSistema bibliotecario di Ateneo dell' Università di Salerno$gRICA 912 $a990000144410203316 951 $a005.245 LEV$b0000800 959 $aBK 969 $aTEC 979 $c19910510 979 $c20001110$lUSA01$h1712 979 $c20020403$lUSA01$h1622 979 $aPATRY$b90$c20040406$lUSA01$h1611 996 $aComputer programming and architecture$91490016 997 $aUNISA LEADER 01621nam0 22003733i 450 001 VAN0255872 005 20230525111325.41 017 70$2N$a9783540469230 100 $a20230316d1973 |0itac50 ba 101 $aeng 102 $aDE 105 $a|||| ||||| 200 1 $a1-Dimensional Cohen-Macaulay Rings$fEben Matlis 210 $aBerlin$cSpringer$d1973 215 $axii, 157 p.$d24 cm 461 1$1001VAN0102250$12001 $aLecture notes in mathematics$1210 $aBerlin [etc.]$cSpringer$v327 606 $a13-XX$xCommutative algebra [MSC 2020]$3VANC019732$2MF 606 $a13H10$xSpecial types (Cohen-Macaulay, Gorenstein, Buchsbaum, etc.) [MSC 2020]$3VANC023954$2MF 606 $a13C05$xStructure, classification theorems for modules and ideals in commutative rings [MSC 2020]$3VANC031103$2MF 610 $aCohen-Macaulay rings$9KW:K 610 $aIntegrals$9KW:K 610 $aLocalization$9KW:K 610 $aRings$9KW:K 620 $dBerlin$3VANL000066 700 1$aMatlis$bEben$3VANV209128$055911 712 $aSpringer $3VANV108073$4650 801 $aIT$bSOL$c20240614$gRICA 856 4 $uhttps://doi.org/10.1007/BFb0061666$zE-book ? Accesso al full-text attraverso riconoscimento IP di Ateneo, proxy e/o Shibboleth 899 $aBIBLIOTECA DEL DIPARTIMENTO DI MATEMATICA E FISICA$1IT-CE0120$2VAN08 912 $fN 912 $aVAN0255872 950 $aBIBLIOTECA DEL DIPARTIMENTO DI MATEMATICA E FISICA$d08CONS e-book 5723 $e08eMF5723 20230328 996 $a1-dimensional Cohen-Macaulay rings$981428 997 $aUNICAMPANIA